| 000 | 00354nam a2200145 a 4500 | ||
|---|---|---|---|
| 003 | DLC | ||
| 005 | 20210219152717.0 | ||
| 022 | _a0305-2249 | ||
| 035 | _aUPN01000059426 | ||
| 245 | 0 | 0 |
_aAUDIO VISUAL : _bCOMMUNICATIONS FOR BISINESS |
| 260 |
_aInglaterra: _bE M A P Vision, _c1972 |
||
| 310 | _aMensual | ||
| 653 | 0 | _aMATERIALES EDUCATIVOS | |
| 905 | _aRevista | ||
| 999 |
_c59409 _d59409 |
||